| 000 | 00510nam a2200169Ia 4500 | ||
|---|---|---|---|
| 008 | 140529s9999 xx 000 0 und d | ||
| 020 | _a9781439041222 | ||
| 050 |
_aHB 171.5 _b.E358 2010 |
||
| 245 |
_aEconomics and contemporary issues / _cRonald L. Moomaw ... [et al.] |
||
| 250 | _a8th ed. | ||
| 260 |
_aMason, OH : _bSouth-Western Cengage Learning, _cc2010. |
||
| 300 |
_a458 p. : _bcol. ill. ; _c26 cm. |
||
| 500 | _aIncludes glossary and index. | ||
| 521 | _aGE | ||
| 942 |
_kFOR _cBK |
||
| 999 |
_c117698 _d117698 |
||